[Event "ODJM B 2024"]
[Site "Willingen GER"]
[Date "2024.05.20"]
[Round "3"]
[White "Göb, Franziska"]
[Black "Grunert, Greta"]
[Result "1/2-1/2"]
[Termination "normal"]
[Board "37"]
[WhiteElo "1602"]
[BlackElo "1590"]
[WhiteClock "00:19:52"]
[BlackClock "00:21:15"]
[PlyCount "77"]
[WhiteFideId "16293177"]
[BlackFideId "16258649"]
[EventCountry "GER"]
[EventRounds "9"]
[EventType "swiss"]
[EventDate "2024.05.18"]

1. d4 {[%clk 01:30:59]} Nf6 {[%clk 01:30:54]} {[%emt 00:00:07]} 2. c4 {[%clk
01:31:23]} {[%emt 00:00:06]} g6 {[%clk 01:31:20]} {[%emt 00:00:04]} 3. Nc3
{[%clk 01:31:42]} {[%emt 00:00:11]} Bg7 {[%clk 01:31:45]} {[%emt 00:00:04]} 4.
e4 {[%clk 01:31:58]} {[%emt 00:00:14]} d6 {[%clk 01:32:12]} {[%emt 00:00:03]}
5. Nf3 {[%clk 01:31:34]} {[%emt 00:00:54]} O-O {[%clk 01:32:37]} {[%emt
00:00:06]} 6. Be2 {[%clk 01:31:26]} {[%emt 00:00:38]} e5 {[%clk 01:32:35]}
{[%emt 00:00:31]} 7. d5 {[%clk 01:30:46]} {[%emt 00:01:11]} a5 {[%clk
01:32:51]} {[%emt 00:00:14]} 8. O-O {[%clk 01:30:52]} {[%emt 00:00:24]} Na6
{[%clk 01:32:50]} {[%emt 00:00:31]} 9. a3 {[%clk 01:30:28]} {[%emt 00:00:54]}
Nc5 {[%clk 01:31:15]} {[%emt 00:02:06]} 10. Bd3 {[%clk 01:27:58]} {[%emt
00:03:00]} Bg4 {[%clk 01:31:05]} {[%emt 00:00:39]} 11. Bc2 {[%clk 01:26:48]}
{[%emt 00:01:40]} Ne8 {[%clk 01:24:37]} {[%emt 00:06:58]} 12. h3 {[%clk
01:25:36]} {[%emt 00:01:42]} Bd7 {[%clk 01:25:00]} {[%emt 00:00:07]} 13. Bd2
{[%clk 01:25:47]} {[%emt 00:00:19]} f5 {[%clk 01:23:35]} {[%emt 00:01:56]} 14.
b4 {[%clk 01:24:17]} {[%emt 00:01:58]} fxe4 {[%clk 01:20:31]} {[%emt 00:03:34]}
15. Nxe4 {[%clk 01:24:16]} {[%emt 00:00:31]} Nxe4 {[%clk 01:20:31]} {[%emt
00:00:31]} 16. Bxe4 {[%clk 01:24:37]} {[%emt 00:00:09]} axb4 {[%clk 01:20:25]}
{[%emt 00:00:36]} 17. Bxb4 {[%clk 01:21:10]} {[%emt 00:03:57]} Rf4 {[%clk
01:17:15]} {[%emt 00:03:41]} 18. Nd2 {[%clk 01:06:57]} {[%emt 00:14:43]} Qg5
{[%clk 01:04:08]} {[%emt 00:13:34]} 19. Nf3 {[%clk 01:00:42]} {[%emt 00:06:47]}
Qh5 {[%clk 01:00:50]} {[%emt 00:03:48]} 20. Nd2 {[%clk 00:57:38]} {[%emt
00:03:34]} Qg5 {[%clk 00:59:32]} {[%emt 00:01:47]} 21. Nf3 {[%clk 00:54:08]}
{[%emt 00:04:00]} Qh5 {[%clk 00:59:56]} {[%emt 00:00:07]} 22. Nd2 {[%clk
00:54:11]} {[%emt 00:00:27]} Qxd1 {[%clk 01:00:18]} {[%emt 00:00:08]} 23. Raxd1
{[%clk 00:53:03]} {[%emt 00:01:38]} Ba4 {[%clk 00:58:48]} {[%emt 00:01:59]} 24.
Rde1 {[%clk 00:51:23]} {[%emt 00:02:11]} Rf7 {[%clk 00:57:37]} {[%emt
00:01:41]} 25. Rc1 {[%clk 00:48:03]} {[%emt 00:03:50]} b6 {[%clk 00:50:46]}
{[%emt 00:07:21]} 26. Nb1 {[%clk 00:45:36]} {[%emt 00:02:53]} Nf6 {[%clk
00:49:33]} {[%emt 00:01:46]} 27. Bf3 {[%clk 00:44:34]} {[%emt 00:01:32]} h5
{[%clk 00:47:53]} {[%emt 00:02:09]} 28. Nc3 {[%clk 00:39:54]} {[%emt 00:05:11]}
Bh6 {[%clk 00:47:31]} {[%emt 00:00:51]} 29. Ra1 {[%clk 00:35:20]} {[%emt
00:05:05]} Bb3 {[%clk 00:44:47]} {[%emt 00:03:14]} 30. Be2 {[%clk 00:33:04]}
{[%emt 00:02:46]} h4 {[%clk 00:36:37]} {[%emt 00:08:41]} 31. Bd3 {[%clk
00:30:08]} {[%emt 00:03:25]} Kg7 {[%clk 00:35:21]} {[%emt 00:01:46]} 32. Rab1
{[%clk 00:29:47]} {[%emt 00:00:51]} Ba4 {[%clk 00:34:22]} {[%emt 00:01:29]} 33.
Nxa4 {[%clk 00:27:15]} {[%emt 00:03:02]} Rxa4 {[%clk 00:34:47]} {[%emt
00:00:05]} 34. Rbe1 {[%clk 00:26:02]} {[%emt 00:01:43]} Nh5 {[%clk 00:32:55]}
{[%emt 00:02:22]} 35. Bc2 {[%clk 00:23:01]} {[%emt 00:03:32]} Ra8 {[%clk
00:32:32]} {[%emt 00:00:53]} 36. Bd1 {[%clk 00:22:10]} {[%emt 00:01:20]} Nf4
{[%clk 00:31:47]} {[%emt 00:01:15]} 37. Bc2 {[%clk 00:22:25]} {[%emt 00:00:16]}
Bg5 {[%clk 00:23:16]} {[%emt 00:09:01]} 38. Be4 {[%clk 00:19:52]} {[%emt
00:03:02]} Bh6 {[%clk 00:21:15]} {[%emt 00:02:30]} 39. Ra1 {[%emt 00:01:49]}
1/2-1/2

[Event "ODJM B 2024"]
[Site "Willingen GER"]
[Date "2024.05.20"]
[Round "3"]
[White "Tulchynsky, Mark"]
[Black "Mersmann, Jasmin"]
[Result "1/2-1/2"]
[Termination "normal"]
[Board "38"]
[WhiteElo "1828"]
[BlackElo "1486"]
[WhiteClock "00:09:18"]
[BlackClock "00:46:53"]
[PlyCount "67"]
[WhiteFideId "34617698"]
[BlackFideId "34630287"]
[EventCountry "GER"]
[EventRounds "9"]
[EventType "swiss"]
[EventDate "2024.05.18"]

1. e4 {[%clk 01:30:58]} {[%emt 00:00:02]} e5 {[%clk 01:30:54]} {[%emt
00:00:06]} 2. Nf3 {[%clk 01:31:25]} {[%emt 00:00:04]} Nc6 {[%clk 01:30:52]}
{[%emt 00:00:32]} 3. Bc4 {[%clk 01:31:50]} {[%emt 00:00:05]} Bc5 {[%clk
01:31:11]} {[%emt 00:00:11]} 4. c3 {[%clk 01:32:15]} {[%emt 00:00:05]} Nf6
{[%clk 01:31:31]} {[%emt 00:00:08]} 5. d3 {[%clk 01:32:43]} {[%emt 00:00:03]}
O-O {[%clk 01:31:32]} {[%emt 00:00:29]} 6. Be3 {[%clk 01:33:07]} {[%emt
00:00:07]} Bb6 {[%clk 01:31:56]} {[%emt 00:00:06]} 7. O-O {[%clk 01:33:19]}
{[%emt 00:00:18]} d6 {[%clk 01:31:22]} {[%emt 00:01:04]} 8. h3 {[%clk
01:32:42]} {[%emt 00:01:08]} Be6 {[%clk 01:31:29]} {[%emt 00:00:22]} 9. Nbd2
{[%clk 01:32:44]} {[%emt 00:00:28]} h6 {[%clk 01:29:50]} {[%emt 00:02:09]} 10.
Qc2 {[%clk 01:31:48]} {[%emt 00:01:26]} Na5 {[%clk 01:29:16]} {[%emt 00:01:02]}
11. Bb3 {[%clk 01:18:32]} {[%emt 00:13:48]} Nh5 {[%clk 01:27:38]} {[%emt
00:02:07]} 12. d4 {[%clk 01:14:20]} {[%emt 00:04:42]} exd4 {[%clk 01:27:35]}
{[%emt 00:00:33]} 13. cxd4 {[%clk 01:14:25]} {[%emt 00:00:26]} Nxb3 {[%clk
01:27:20]} {[%emt 00:00:44]} 14. Nxb3 {[%clk 01:14:47]} {[%emt 00:00:08]} f5
{[%clk 01:26:38]} {[%emt 00:01:11]} 15. d5 {[%clk 00:56:51]} {[%emt 00:18:26]}
Bd7 {[%clk 01:26:16]} {[%emt 00:00:50]} 16. Bxb6 {[%clk 00:56:47]} {[%emt
00:00:37]} axb6 {[%clk 01:26:30]} {[%emt 00:00:16]} 17. Nbd4 {[%clk 00:55:44]}
{[%emt 00:01:33]} fxe4 {[%clk 01:24:54]} {[%emt 00:02:06]} 18. Qxe4 {[%clk
00:55:59]} {[%emt 00:00:14]} Nf6 {[%clk 01:24:06]} {[%emt 00:01:17]} 19. Qg6
{[%clk 00:49:06]} {[%emt 00:07:24]} Nxd5 {[%clk 01:23:14]} {[%emt 00:01:22]}
20. Ne6 {[%clk 00:49:18]} {[%emt 00:00:18]} Qf6 {[%clk 01:15:27]} {[%emt
00:08:16]} 21. Nxf8 {[%clk 00:49:10]} {[%emt 00:00:39]} Qxf8 {[%clk 01:15:23]}
{[%emt 00:00:33]} 22. Qd3 {[%clk 00:38:55]} {[%emt 00:09:59]} Bc6 {[%clk
01:14:29]} {[%emt 00:02:10]} 23. Qc4 {[%clk 00:37:15]} {[%emt 00:02:05]} Kh8
{[%clk 01:14:24]} {[%emt 00:00:39]} 24. Nd4 {[%clk 00:35:39]} {[%emt 00:02:08]}
Ra4 {[%clk 01:13:03]} {[%emt 00:01:51]} 25. Qd3 {[%clk 00:34:22]} {[%emt
00:01:45]} Nf4 {[%clk 01:08:57]} {[%emt 00:04:37]} 26. Qf5 {[%clk 00:32:42]}
{[%emt 00:02:09]} Qxf5 {[%clk 01:07:56]} {[%emt 00:01:32]} 27. Nxf5 {[%clk
00:33:11]} {[%emt 00:00:01]} Bxg2 {[%clk 01:02:37]} {[%emt 00:05:48]} 28. Rfe1
{[%clk 00:23:24]} {[%emt 00:10:18]} Bxh3 {[%clk 01:00:10]} {[%emt 00:02:57]}
29. Re8+ {[%clk 00:23:42]} {[%emt 00:00:12]} Kh7 {[%clk 01:00:08]} {[%emt
00:00:31]} 30. Ne3 {[%clk 00:22:32]} {[%emt 00:01:41]} Ra5 {[%clk 00:56:15]}
{[%emt 00:04:19]} 31. f3 {[%clk 00:14:18]} {[%emt 00:08:47]} Rg5+ {[%clk
00:48:36]} {[%emt 00:08:09]} 32. Kf2 {[%clk 00:10:32]} {[%emt 00:04:16]} Nd3+
{[%clk 00:46:44]} {[%emt 00:02:22]} 33. Ke2 {[%clk 00:11:01]} {[%emt 00:00:02]}
Nf4+ {[%clk 00:46:53]} {[%emt 00:00:21]} 34. Kf2 {[%clk 00:09:18]} {[%emt
00:01:41]} 1/2-1/2

[Event "ODJM B 2024"]
[Site "Willingen GER"]
[Date "2024.05.20"]
[Round "3"]
[White "Kuhlmann, Nils Magnus"]
[Black "Pflug, Anton"]
[Result "1-0"]
[Termination "normal"]
[Board "39"]
[WhiteElo "1757"]
[BlackElo "1655"]
[WhiteClock "00:12:00"]
[BlackClock "00:18:43"]
[PlyCount "83"]
[WhiteFideId "16287177"]
[BlackFideId "34611495"]
[EventCountry "GER"]
[EventRounds "9"]
[EventType "swiss"]
[EventDate "2024.05.18"]

1. e4 {[%clk 01:30:55]} {[%emt 00:00:04]} e5 {[%clk 01:30:55]} {[%emt
00:00:06]} 2. Nf3 {[%clk 01:31:08]} {[%emt 00:00:17]} Nc6 {[%clk 01:31:15]}
{[%emt 00:00:11]} 3. Nc3 {[%clk 01:31:22]} {[%emt 00:00:16]} Nf6 {[%clk
01:30:44]} {[%emt 00:01:00]} 4. a3 {[%clk 01:31:19]} {[%emt 00:00:32]} d5
{[%clk 01:26:50]} {[%emt 00:04:24]} 5. Bb5 {[%clk 01:30:34]} {[%emt 00:01:15]}
d4 {[%clk 01:24:40]} {[%emt 00:02:40]} 6. Ne2 {[%clk 01:30:46]} {[%emt
00:00:18]} Bd6 {[%clk 01:24:09]} {[%emt 00:01:00]} 7. Ng3 {[%clk 01:30:42]}
{[%emt 00:00:34]} a6 {[%clk 01:23:16]} {[%emt 00:01:24]} 8. Bc4 {[%clk
01:30:09]} {[%emt 00:01:02]} b5 {[%clk 01:22:08]} {[%emt 00:01:39]} 9. Ba2
{[%emt 00:00:05]} Ne7 {[%clk 01:22:17]} {[%emt 00:00:20]} 10. d3 {[%clk
01:28:50]} {[%emt 00:02:15]} Ng6 {[%clk 01:19:21]} {[%emt 00:03:26]} 11. O-O
{[%clk 01:27:24]} {[%emt 00:01:56]} O-O {[%clk 01:19:28]} {[%emt 00:00:23]} 12.
Re1 {[%clk 01:26:19]} {[%emt 00:01:35]} c5 {[%clk 01:14:37]} {[%emt 00:05:20]}
13. Nf5 {[%clk 01:23:27]} {[%emt 00:03:22]} Ne7 {[%clk 01:14:18]} {[%emt
00:00:49]} 14. Nxd6 {[%clk 01:18:21]} {[%emt 00:05:37]} Qxd6 {[%clk 01:14:47]}
{[%emt 00:00:01]} 15. h3 {[%clk 01:18:15]} {[%emt 00:00:35]} h6 {[%clk
01:11:57]} {[%emt 00:03:20]} 16. Bd2 {[%clk 01:16:53]} {[%emt 00:01:53]} Be6
{[%clk 01:12:19]} {[%emt 00:00:08]} 17. Bb1 {[%clk 01:16:08]} {[%emt 00:01:15]}
c4 {[%clk 01:11:11]} {[%emt 00:01:38]} 18. Bb4 {[%clk 01:16:14]} {[%emt
00:00:23]} Qc7 {[%clk 01:11:12]} {[%emt 00:00:29]} 19. Nxe5 {[%clk 01:15:13]}
{[%emt 00:01:31]} Qxe5 {[%clk 01:11:28]} {[%emt 00:00:14]} 20. Bxe7 {[%clk
01:15:39]} {[%emt 00:00:05]} Rfe8 {[%clk 01:11:56]} {[%emt 00:00:03]} 21. Bb4
{[%clk 01:16:02]} {[%emt 00:00:06]} a5 {[%clk 01:10:45]} {[%emt 00:01:41]} 22.
Bd2 {[%clk 01:14:59]} {[%emt 00:01:33]} c3 {[%clk 01:10:02]} {[%emt 00:01:14]}
23. bxc3 {[%clk 01:14:32]} {[%emt 00:00:56]} dxc3 {[%clk 01:10:25]} {[%emt
00:00:07]} 24. Be3 {[%clk 01:14:56]} {[%emt 00:00:07]} Red8 {[%clk 01:10:08]}
{[%emt 00:00:46]} 25. f4 {[%clk 01:13:53]} {[%emt 00:01:33]} Qc7 {[%clk
01:08:45]} {[%emt 00:01:54]} 26. Qf3 {[%clk 01:12:16]} {[%emt 00:02:07]} b4
{[%clk 01:07:36]} {[%emt 00:01:38]} 27. f5 {[%clk 01:01:37]} {[%emt 00:11:09]}
Bd7 {[%clk 01:08:01]} {[%emt 00:00:05]} 28. Qf2 {[%clk 00:56:23]} {[%emt
00:05:44]} Qc6 {[%clk 01:04:22]} {[%emt 00:04:09]} 29. Ba2 {[%clk 00:53:33]}
{[%emt 00:03:21]} bxa3 {[%clk 00:54:39]} {[%emt 00:10:13]} 30. Reb1 {[%clk
00:45:22]} {[%emt 00:08:41]} Rab8 {[%clk 00:53:26]} {[%emt 00:01:43]} 31. Bb6
{[%clk 00:37:30]} {[%emt 00:08:21]} Re8 {[%clk 00:50:02]} {[%emt 00:03:54]} 32.
Bxa5 {[%clk 00:31:45]} {[%emt 00:06:15]} Rb2 {[%clk 00:49:06]} {[%emt
00:01:26]} 33. Bb4 {[%clk 00:22:25]} {[%emt 00:09:50]} Ra8 {[%clk 00:46:33]}
{[%emt 00:03:02]} 34. Bb3 {[%clk 00:19:22]} {[%emt 00:03:33]} a2 {[%clk
00:40:22]} {[%emt 00:06:41]} 35. Rc1 {[%clk 00:19:34]} {[%emt 00:00:18]} Rb8
{[%clk 00:40:29]} {[%emt 00:00:22]} 36. Qd4 {[%clk 00:17:43]} {[%emt 00:02:21]}
Qb5 {[%clk 00:19:43]} {[%emt 00:21:16]} 37. Bxc3 {[%clk 00:16:45]} {[%emt
00:01:28]} Rxb3 {[%clk 00:20:05]} {[%emt 00:00:08]} 38. cxb3 {[%clk 00:17:06]}
{[%emt 00:00:10]} Qxb3 {[%clk 00:20:28]} {[%emt 00:00:07]} 39. Qa7 {[%clk
00:13:44]} {[%emt 00:03:53]} Qb1 {[%clk 00:18:18]} {[%emt 00:02:40]} 40. Rcxb1
{[%clk 00:11:26]} {[%emt 00:02:48]} axb1=Q+ {[%emt 00:00:29]} 41. Rxb1 {[%clk
00:11:50]} {[%emt 00:00:05]} Rxb1+ {[%clk 00:18:43]} {[%emt 00:00:06]} 42. Kf2
{[%clk 00:12:00]} {[%emt 00:00:20]} 1-0

[Event "ODJM B 2024"]
[Site "Willingen GER"]
[Date "2024.05.20"]
[Round "3"]
[White "Klages, Jonas"]
[Black "Barthelmes, Venice"]
[Result "1-0"]
[Termination "normal"]
[Board "40"]
[WhiteElo "1693"]
[BlackElo "1655"]
[WhiteClock "00:29:38"]
[BlackClock "00:01:46"]
[PlyCount "81"]
[WhiteFideId "34639993"]
[BlackFideId "16261003"]
[EventCountry "GER"]
[EventRounds "9"]
[EventType "swiss"]
[EventDate "2024.05.18"]

1. e4 {[%clk 01:30:59]} e5 {[%clk 01:30:52]} {[%emt 00:00:08]} 2. Nf3 {[%clk
01:31:26]} {[%emt 00:00:03]} Nc6 {[%clk 01:31:09]} {[%emt 00:00:13]} 3. Bb5
{[%clk 01:31:53]} {[%emt 00:00:03]} Nf6 {[%clk 01:29:32]} {[%emt 00:02:07]} 4.
O-O {[%clk 01:32:17]} {[%emt 00:00:06]} Be7 {[%clk 01:29:00]} {[%emt 00:01:02]}
5. Re1 {[%clk 01:31:47]} {[%emt 00:00:59]} d6 {[%clk 01:28:56]} {[%emt
00:00:34]} 6. c3 {[%clk 01:26:42]} {[%emt 00:05:35]} O-O {[%clk 01:27:08]}
{[%emt 00:02:17]} 7. h3 {[%clk 01:26:08]} {[%emt 00:01:03]} a6 {[%clk
01:26:34]} {[%emt 00:01:05]} 8. Ba4 {[%clk 01:26:22]} {[%emt 00:00:16]} b5
{[%clk 01:24:17]} {[%emt 00:02:47]} 9. Bc2 {[%clk 01:26:33]} {[%emt 00:00:19]}
Bb7 {[%clk 01:22:01]} {[%emt 00:02:46]} 10. d3 {[%clk 01:26:36]} {[%emt
00:00:28]} Re8 {[%clk 01:20:03]} {[%emt 00:02:28]} 11. Nbd2 {[%clk 01:26:23]}
{[%emt 00:00:42]} Bf8 {[%clk 01:14:46]} {[%emt 00:05:48]} 12. Nf1 {[%clk
01:26:24]} {[%emt 00:00:28]} h6 {[%clk 01:12:24]} {[%emt 00:02:51]} 13. Ng3
{[%clk 01:12:37]} {[%emt 00:14:18]} d5 {[%clk 01:08:35]} {[%emt 00:04:19]} 14.
exd5 {[%clk 00:57:03]} {[%emt 00:16:04]} Nxd5 {[%clk 01:06:59]} {[%emt
00:02:06]} 15. Nf5 {[%clk 00:43:54]} {[%emt 00:13:40]} Qf6 {[%clk 00:59:55]}
{[%emt 00:07:32]} 16. d4 {[%clk 00:34:49]} {[%emt 00:09:36]} exd4 {[%clk
00:52:30]} {[%emt 00:07:55]} 17. Rxe8 {[%clk 00:31:19]} {[%emt 00:04:00]} Rxe8
{[%clk 00:52:35]} {[%emt 00:00:24]} 18. Qd3 {[%clk 00:25:44]} {[%emt 00:06:06]}
g6 {[%clk 00:43:39]} {[%emt 00:09:26]} 19. Nxh6+ {[%clk 00:24:10]} {[%emt
00:02:05]} Bxh6 {[%clk 00:42:54]} {[%emt 00:01:15]} 20. Bxh6 {[%clk 00:24:34]}
{[%emt 00:00:06]} Nf4 {[%clk 00:38:25]} {[%emt 00:04:59]} 21. Bxf4 {[%clk
00:16:03]} {[%emt 00:09:01]} Qxf4 {[%clk 00:37:56]} {[%emt 00:00:59]} 22. Nxd4
{[%clk 00:15:09]} {[%emt 00:01:25]} Nxd4 {[%clk 00:36:46]} {[%emt 00:01:40]}
23. cxd4 {[%clk 00:14:06]} {[%emt 00:01:32]} Qg5 {[%clk 00:36:09]} {[%emt
00:01:07]} 24. f3 {[%clk 00:12:15]} {[%emt 00:02:23]} Re3 {[%clk 00:31:34]}
{[%emt 00:05:04]} 25. Qd2 {[%clk 00:08:00]} {[%emt 00:04:44]} Qe7 {[%clk
00:24:04]} {[%emt 00:08:01]} 26. Kf2 {[%clk 00:07:56]} {[%emt 00:00:35]} Re6
{[%clk 00:22:17]} {[%emt 00:02:16]} 27. Bb3 {[%clk 00:07:32]} {[%emt 00:00:54]}
Rd6 {[%clk 00:19:54]} {[%emt 00:02:53]} 28. Qe3 {[%clk 00:05:14]} {[%emt
00:02:47]} Qxe3+ {[%clk 00:15:17]} {[%emt 00:05:09]} 29. Kxe3 {[%clk 00:05:41]}
{[%emt 00:00:04]} Kg7 {[%clk 00:13:56]} {[%emt 00:01:51]} 30. Rc1 {[%clk
00:05:36]} {[%emt 00:00:35]} Rd7 {[%clk 00:12:40]} {[%emt 00:01:45]} 31. Rc5
{[%clk 00:04:07]} {[%emt 00:02:00]} f6 {[%clk 00:12:42]} {[%emt 00:00:28]} 32.
Rc2 {[%clk 00:02:48]} {[%emt 00:01:49]} g5 {[%clk 00:12:10]} {[%emt 00:01:02]}
33. Rd2 {[%clk 00:03:04]} {[%emt 00:00:15]} c6 {[%clk 00:11:13]} {[%emt
00:01:26]} 34. Bc2 {[%clk 00:03:13]} {[%emt 00:00:22]} a5 {[%clk 00:10:56]}
{[%emt 00:00:47]} 35. a4 {[%clk 00:02:48]} {[%emt 00:00:55]} b4 {[%clk
00:11:01]} {[%emt 00:00:25]} 36. b3 {[%clk 00:02:59]} {[%emt 00:00:19]} Kf7
{[%clk 00:11:14]} {[%emt 00:00:17]} 37. Be4 {[%clk 00:02:25]} {[%emt 00:01:05]}
Ba8 {[%clk 00:07:13]} {[%emt 00:04:30]} 38. Rc2 {[%clk 00:02:29]} {[%emt
00:00:27]} Rc7 {[%clk 00:02:37]} {[%emt 00:05:06]} 39. Rc5 {[%clk 00:02:09]}
{[%emt 00:00:50]} Bb7 {[%clk 00:01:50]} {[%emt 00:01:17]} 40. Rxa5 {[%clk
00:02:14]} {[%emt 00:00:25]} Ke6 {[%clk 00:01:46]} {[%emt 00:00:33]} 41. Rc5
{[%clk 00:29:38]} {[%emt 00:03:07]} 1-0